Chranenije plodov i ovoščej : Spravočnoje posobije /

Gespeichert in:
Bibliographische Detailangaben
1. Verfasser: Sacharova, Nina Pavlovna (Verfasst von)
Format: Buch
Veröffentlicht: Kišinev : Kartja Moldovenjaske, 1988
Tags: Tag hinzufügen
Keine Tags, Fügen Sie das erste Tag hinzu!

MARC

LEADER 00000nam a22000003a 4500
001 stu15985
005 20150617225758.2
008 ------s1988----xxr---------------------d
040 |a STU  |b slo 
041 0
044 |a xxr 
080 |a 634.1/.7 
100 1 |a Sacharova, Nina Pavlovna  |4 aut 
245 1 |a Chranenije plodov i ovoščej :  |b Spravočnoje posobije /  |c [aut.]Sacharova,Nina Pavlovna 
260 |a Kišinev :  |b Kartja Moldovenjaske,  |c 1988 
300 |a 304 :  |b Obr.,tab.,lit 
996 |b C84916  |c C*84916  |l CCX  |s P  |a 0  |w stu15985_0001